000 00453nam a2200181Ia 4500
003 GCL
008 140319s9999 xx 000 0 eng d
040 _aGCL /
_cGCL
082 0 4 _a532.2
_bR A
100 1 _aRAY, M
245 1 0 _aA TEXTBOOK OF HYDROSTATICS /
_cRAY, M
700 1 _aSHARMA, HAR SWARUP
260 _a[S.N] :
_bS. CHAND & COMPANY LTD ،
_c1994
300 _a264 P
650 0 4 _aHYDROSTATICS
650 0 4 _aEQUILIBRIUM
942 _2ddc
_cBK
999 _c20551
_d20551